LEADER 01112nam0 2200301 450 001 000038300 005 20140904140203.0 010 $a0-19-251042-8 010 $a0-19-281728-0$bpbk. 100 $a20140903d1987----km-y0itaa50------ba 101 0 $aeng 102 $aGB 200 1 $a<> Major of Casterbridge$fThomas Hardy$gedited with an Introduction by Dale Kramer 210 $aOxford ; New York$cOxford University Press$d1987 215 $aLII, 403 p., [2] carte di tav.$cill.$d19 cm 225 2 $a<> World's classics 410 0$12001$a<> World's classics 676 $a823.8$v(22. ed.)$9Narrativa inglese. Periodo vittoriano, 1837-1899 700 1$aHardy,$bThomas$0142510 702 1$aKramer,$bDale 801 0$aIT$bUniversità della Basilicata - B.I.A.$gREICAT$2unimarc 912 $a000038300 996 $aMajor of Casterbridge$999899 997 $aUNIBAS BAS $aLETTERE CAT $aEXT016$b01$c20140904$lBAS01$h1402 FMT Z30 -1$lBAS01$LBAS01$mBOOK$1BASA1$APolo Storico-Umanistico$2DSLF$BCollezione DiSLF$3DF/E1396$63210$5F3210$820140904$f04$FPrestabile Didattica LEADER 01945nam0 2200373 i 450 001 SUN0097723 005 20161027011345.902 010 $a88-15-04554-6$d0.00 100 $a20140507d1994 |0itac50 ba 101 $aita 102 $aIT 105 $a|||| ||||| 200 1 $aCittadinanza e diritti nelle società multiculturali$fa cura di Tiziano Bonazzi e Michael Dunne 210 $aBologna$cIl mulino$d1994 215 $a310 p.$d22 cm. 410 1$1001SUN0038263$12001 $aIstituzioni, società, Stato$1210 $aBologna$cIl mulino. 606 $aDiritti politici e civili$2FI$3SUNC003327 606 $aMinoranze etniche$xTutela$2FI$3SUNC003341 620 $dBologna$3SUNL000003 676 $a323.11$v21 702 1$aBonazzi$b, Tiziano$3SUNV004882 702 1$aDunne$b, Michael$3SUNV004883 712 $aIl mulino$3SUNV000011$4650 801 $aIT$bSOL$c20181109$gRICA 856 4 $uhttp://content.ub.hu-berlin.de/monographs/toc/ethnologie/BV025183414.pdf 912 $aSUN0097723 950 $aUFFICIO DI BIBLIOTECA DEL DIPARTIMENTO DI GIURISPRUDENZA$d00 CONS VIII.Eh.49 bis $e00 12624 950 $aUFFICIO DI BIBLIOTECA DEL DIPARTIMENTO DI GIURISPRUDENZA$d00 CONS VIII.Eh.49 $e00 13800 950 $aUFFICIO DI BIBLIOTECA DEL DIPARTIMENTO DI LETTERE E BENI CULTURALI$d07 CONS Lc 229 $e07 DP 3562 995 $aUFFICIO DI BIBLIOTECA DEL DIPARTIMENTO DI GIURISPRUDENZA$h12624$kCONS VIII.Eh.49 bis$oc$qa 995 $aUFFICIO DI BIBLIOTECA DEL DIPARTIMENTO DI GIURISPRUDENZA$h13800$kCONS VIII.Eh.49$op$qa 995 $aUFFICIO DI BIBLIOTECA DEL DIPARTIMENTO DI LETTERE E BENI CULTURALI$bIT-CE0103$gDP$h3562$kCONS Lc 229$oc$qa 996 $aCittadinanza e diritti nelle società multiculturali$9690712 997 $aUNICAMPANIA